000 01352cam a2200337 a 4500
999 _c10167
_d10167
001 14036249
003 GBCCL
005 20241126110726.0
008 050714s2005 tnu 000 0 eng
010 _a 2005298805
020 _a0805431675
035 _a(OCoLC)ocm58528110
040 _aDLC
_cDLC
_dDLC
050 0 0 _aBS680.L4
_bB67 2005
082 0 0 _a253
_222
_bBOR
100 1 _aBorek, John.
_917646
245 1 4 _aThe good book on leadership :
_bcase studies from the Bible /
_cJohn Borek, Danny Lovett, Elmer Towns.
260 _aNashville, Tenn. :
_bBroadman & Holman,
_c2005.
300 _avi, 266 p. ;
_c23 cm.
504 _aIncludes bibliographic references (p. 261-266).
650 0 _aLeadership
_xBiblical teaching.
_96966
650 0 _aLeadership
_xReligious aspects
_xChristianity.
_93091
650 0 _aChristian leadership
_vCase studies.
_917647
700 1 _aLovett, Danny.
_917648
700 1 _aTowns, Elmer L.
_9410
856 4 2 _3Contributor biographical information
_uhttp://www.loc.gov/catdir/enhancements/fy0902/2005298805-b.html
856 4 2 _3Publisher description
_uhttp://www.loc.gov/catdir/enhancements/fy0902/2005298805-d.html
906 _a7
_bcbc
_corigres
_d2
_encip
_f20
_gy-gencatlg
942 _2ddc
_cBK
_01